[Event "DVM U12 2016"]
[Site "Magdeburg GER"]
[Date "2016.12.29"]
[Round "6"]
[White "Sabirov, Rafael"]
[Black "Gündel, Marius"]
[Result "1-0"]
[Termination "normal"]
[Board "3.4"]
[WhiteElo "1390"]
[BlackElo "1335"]
[WhiteClock "00:01:35"]
[BlackClock "00:00:40"]
[WhiteTeam "SG Porz"]
[BlackTeam "SK Mannheim-Lindenhof"]
[PlyCount "110"]
[WhiteFideId "16241185"]
[EventCountry "GER"]
[EventRounds "7"]
[EventType "team-swiss"]
[EventDate "2016.12.26"]

1. e4 {[%clk 1:15:57]} c5 {[%clk 1:15:55]} 2. Nf3 {[%clk 1:16:16]} d6 {[%clk
1:16:17]} 3. d4 {[%clk 1:16:29]} cxd4 {[%clk 1:16:41]} 4. Nxd4 {[%clk 1:16:53]}
Nf6 {[%clk 1:17:05]} 5. Nc3 {[%clk 1:17:08]} g6 {[%clk 1:17:24]} 6. Bc4 {[%clk
1:16:44]} Bg7 {[%clk 1:17:18]} 7. Be3 {[%clk 1:16:18]} Nc6 {[%clk 1:16:15]} 8.
O-O {[%clk 1:14:19]} Ng4 {[%clk 1:14:23]} 9. Nxc6 {[%clk 1:09:07]} bxc6 {[%clk
1:11:39]} 10. Bd2 {[%clk 1:07:13]} O-O {[%clk 1:09:35]} 11. h3 {[%clk 1:06:57]}
Nf6 {[%clk 1:08:01]} 12. Re1 {[%clk 1:06:37]} d5 {[%clk 1:01:43]} 13. exd5
{[%clk 1:02:15]} cxd5 {[%clk 1:02:03]} 14. Bb3 {[%clk 1:02:28]} Bb7 {[%clk
0:58:07]} 15. Bf4 {[%clk 0:57:53]} e6 {[%clk 0:53:23]} 16. Qd2 {[%clk 0:56:32]}
Qd7 {[%clk 0:49:55]} 17. Rad1 {[%clk 0:51:40]} Qc6 {[%clk 0:47:48]} 18. Ba4
{[%clk 0:46:47]} Qc5 {[%clk 0:45:01]} 19. a3 {[%clk 0:35:57]} a5 {[%clk
0:41:23]} 20. Bh6 {[%clk 0:28:25]} Bc6 {[%clk 0:37:29]} 21. Bxc6 {[%clk
0:25:41]} Qxc6 {[%clk 0:37:49]} 22. Bxg7 {[%clk 0:26:02]} Kxg7 {[%clk 0:38:13]}
23. Qd4 {[%clk 0:25:01]} Rfe8 {[%clk 0:29:22]} 24. Rd2 {[%clk 0:18:09]} Rab8
{[%clk 0:26:17]} 25. b3 {[%clk 0:15:20]} Rbc8 {[%clk 0:22:55]} 26. Nd1 {[%clk
0:13:47]} Qc5 {[%clk 0:20:32]} 27. Qxc5 {[%clk 0:09:16]} Rxc5 {[%clk 0:20:55]}
28. f3 {[%clk 0:08:42]} e5 {[%clk 0:18:49]} 29. Rde2 {[%clk 0:06:56]} Nd7
{[%clk 0:17:08]} 30. Ne3 {[%clk 0:06:00]} f5 {[%clk 0:14:57]} 31. g3 {[%clk
0:05:21]} Kf6 {[%clk 0:14:34]} 32. Rd1 {[%clk 0:04:23]} Ke6 {[%clk 0:13:31]}
33. Red2 {[%clk 0:03:33]} Nb6 {[%clk 0:13:12]} 34. c4 {[%clk 0:03:06]} d4
{[%clk 0:04:50]} 35. Nc2 {[%clk 0:03:06]} a4 {[%clk 0:03:59]} 36. Re2 {[%clk
0:02:12]} Kf6 {[%clk 0:03:44]} 37. Nxd4 {[%clk 0:02:10]} Rd8 {[%clk 0:03:01]}
38. Red2 {[%clk 0:01:05]} exd4 {[%clk 0:03:18]} 39. Rxd4 {[%clk 0:01:12]} Rxd4
{[%clk 0:03:27]} 40. Rxd4 {[%clk 0:01:33]} Ke6 {[%clk 0:03:18]} 41. Rd3 {[%clk
0:00:31]} axb3 {[%clk 0:01:57]} 42. Rxb3 {[%clk 0:15:05]} Nxc4 {[%clk 0:17:03]}
43. Rc3 {[%clk 0:12:28]} Kd5 {[%clk 0:16:25]} 44. Rd3+ {[%clk 0:11:12]} Kc6
{[%clk 0:16:06]} 45. Rc3 {[%clk 0:09:48]} Ne5 {[%clk 0:08:08]} 46. Rxc5+ {[%clk
0:01:18]} Kxc5 {[%clk 0:08:30]} 47. Kf2 {[%clk 0:01:30]} Nc4 {[%clk 0:04:57]}
48. a4 {[%clk 0:01:30]} Kb4 {[%clk 0:04:09]} 49. f4 {[%clk 0:01:49]} Nd6 {[%clk
0:01:45]} 50. g4 {[%clk 0:01:34]} Ne4+ {[%clk 0:01:41]} 51. Kf3 {[%clk
0:01:35]} Kxa4 {[%clk 0:01:53]} 52. gxf5 {[%clk 0:01:18]} gxf5 {[%clk 0:02:10]}
53. Ke3 {[%clk 0:01:39]} Kb5 {[%clk 0:01:12]} 54. Kd4 {[%clk 0:01:43]} Kb4
{[%clk 0:00:40]} 55. Ke5 {[%clk 0:01:35]} Ng3 1-0

[Event "DVM U12 2016"]
[Site "Magdeburg GER"]
[Date "2016.12.29"]
[Round "6"]
[White "Kosev, Momchil"]
[Black "Toval, David"]
[Result "1/2-1/2"]
[Termination "normal"]
[Board "4.1"]
[WhiteElo "1769"]
[BlackElo "1739"]
[WhiteClock "00:17:43"]
[BlackClock "00:10:20"]
[WhiteTeam "Erfurter SK"]
[BlackTeam "SK Münster"]
[PlyCount "96"]
[WhiteFideId "12975982"]
[BlackFideId "12992755"]
[EventCountry "GER"]
[EventRounds "7"]
[EventType "team-swiss"]
[EventDate "2016.12.26"]

1. e4 {[%clk 1:15:59]} c5 {[%clk 1:15:52]} 2. Nf3 {[%clk 1:16:05]} d6 {[%clk
1:16:15]} 3. d4 {[%clk 1:16:31]} cxd4 {[%clk 1:16:38]} 4. Nxd4 {[%clk 1:16:55]}
Nf6 {[%clk 1:17:03]} 5. Nc3 {[%clk 1:17:13]} a6 {[%clk 1:17:00]} 6. f3 {[%clk
1:17:17]} e6 {[%clk 1:17:23]} 7. Be3 {[%clk 1:17:36]} Be7 {[%clk 1:17:30]} 8.
Qd2 {[%clk 1:17:59]} b5 {[%clk 1:17:52]} 9. g4 {[%clk 1:17:56]} Bb7 {[%clk
1:18:10]} 10. h4 {[%clk 1:18:15]} Nfd7 {[%clk 1:18:09]} 11. O-O-O {[%clk
1:18:15]} Nc5 {[%clk 1:17:11]} 12. g5 {[%clk 1:14:40]} Nbd7 {[%clk 1:16:40]}
13. Bd3 {[%clk 1:06:54]} Nxd3+ {[%clk 1:15:17]} 14. Qxd3 {[%clk 1:03:47]} Ne5
{[%clk 1:13:31]} 15. Qe2 {[%clk 1:03:19]} Nc4 {[%clk 1:10:20]} 16. Rhg1 {[%clk
0:59:50]} Nxe3 {[%clk 1:05:37]} 17. Qxe3 {[%clk 1:00:18]} Rc8 {[%clk 1:04:25]}
18. h5 {[%clk 0:58:43]} Qa5 {[%clk 1:00:00]} 19. Kb1 {[%clk 0:55:28]} b4 {[%clk
0:58:32]} 20. Nce2 {[%clk 0:54:58]} Qc5 {[%clk 0:56:36]} 21. Rc1 {[%clk
0:50:42]} e5 {[%clk 0:51:35]} 22. Nf5 {[%clk 0:51:01]} Qxe3 {[%clk 0:51:59]}
23. Nxe3 {[%clk 0:51:19]} g6 {[%clk 0:51:39]} 24. h6 {[%clk 0:49:59]} O-O
{[%clk 0:50:11]} 25. Rcd1 {[%clk 0:42:15]} Rc5 {[%clk 0:46:42]} 26. c4 {[%clk
0:33:23]} f6 {[%clk 0:40:02]} 27. Nd5 {[%clk 0:25:57]} Bxd5 {[%clk 0:40:06]}
28. cxd5 {[%clk 0:26:20]} fxg5 {[%clk 0:38:05]} 29. Rd3 {[%clk 0:25:31]} Rf7
{[%clk 0:31:04]} 30. a3 {[%clk 0:23:27]} a5 {[%clk 0:27:40]} 31. axb4 {[%clk
0:23:44]} axb4 {[%clk 0:28:01]} 32. Rb3 {[%clk 0:24:07]} Rc8 {[%clk 0:24:49]}
33. Rg3 {[%clk 0:23:45]} Rcf8 {[%clk 0:20:51]} 34. Ng1 {[%clk 0:23:38]} Rb8
{[%clk 0:17:28]} 35. Ne2 {[%clk 0:23:50]} Bf8 {[%clk 0:16:21]} 36. Rxg5 {[%clk
0:21:05]} Bxh6 {[%clk 0:15:26]} 37. Rg3 {[%clk 0:20:20]} Bf4 {[%clk 0:14:13]}
38. Rh3 {[%clk 0:19:46]} Kg7 {[%clk 0:13:07]} 39. Nc1 {[%clk 0:19:26]} Bxc1
{[%clk 0:13:10]} 40. Kxc1 {[%clk 0:19:51]} g5 {[%clk 0:12:52]} 41. Rg3 {[%clk
0:18:02]} Kg6 {[%clk 0:13:01]} 42. Kd2 {[%clk 0:17:51]} h5 {[%clk 0:12:24]} 43.
Ke3 {[%clk 0:17:24]} h4 {[%clk 0:11:28]} 44. Rg4 {[%clk 0:17:13]} h3 {[%clk
0:08:57]} 45. Kf2 {[%clk 0:17:26]} h2 {[%clk 0:08:13]} 46. Kg2 {[%clk 0:17:49]}
Rh7 {[%clk 0:08:20]} 47. Kh1 {[%clk 0:18:13]} Rh3 {[%clk 0:07:50]} 48. Rg2
{[%clk 0:17:43]} Kh5 {[%clk 0:10:20]} 1/2-1/2

[Event "DVM U12 2016"]
[Site "Magdeburg GER"]
[Date "2016.12.29"]
[Round "6"]
[White "Kamp, Adrian"]
[Black "Seinsoth, Paul"]
[Result "1-0"]
[Termination "normal"]
[Board "4.2"]
[WhiteElo "1751"]
[BlackElo "1391"]
[WhiteClock "00:24:26"]
[BlackClock "00:04:46"]
[WhiteTeam "SK Münster"]
[BlackTeam "Erfurter SK"]
[PlyCount "55"]
[WhiteFideId "16222466"]
[BlackFideId "12994634"]
[EventCountry "GER"]
[EventRounds "7"]
[EventType "team-swiss"]
[EventDate "2016.12.26"]

1. e4 {[%clk 1:15:56]} c5 {[%clk 1:15:24]} 2. d4 {[%clk 1:16:16]} cxd4 {[%clk
1:15:30]} 3. c3 {[%clk 1:16:31]} dxc3 {[%clk 1:14:42]} 4. Nxc3 {[%clk 1:16:52]}
Nc6 {[%clk 1:14:29]} 5. Nf3 {[%clk 1:16:59]} d6 {[%clk 1:14:01]} 6. Bc4 {[%clk
1:16:26]} Nf6 {[%clk 1:13:24]} 7. e5 {[%clk 1:15:40]} dxe5 {[%clk 1:03:34]} 8.
Qxd8+ {[%clk 1:14:54]} Nxd8 {[%clk 1:04:01]} 9. Nxe5 {[%clk 1:14:56]} a6 {[%clk
1:02:58]} 10. O-O {[%clk 1:12:34]} Be6 {[%clk 1:00:48]} 11. Bb3 {[%clk
1:07:12]} Bxb3 {[%clk 0:59:01]} 12. axb3 {[%clk 1:07:34]} e6 {[%clk 0:59:01]}
13. Bg5 {[%clk 1:04:20]} Be7 {[%clk 0:58:41]} 14. Rfd1 {[%clk 1:02:08]} Nc6
{[%clk 0:53:56]} 15. Nb5 {[%clk 0:50:58]} O-O {[%clk 0:40:45]} 16. Nxc6 {[%clk
0:47:14]} bxc6 {[%clk 0:40:25]} 17. Nd4 {[%clk 0:41:00]} Rfc8 {[%clk 0:32:26]}
18. Ra4 {[%clk 0:37:53]} Rd8 {[%clk 0:26:39]} 19. Rda1 {[%clk 0:37:25]} Rd6
{[%clk 0:05:57]} 20. Bf4 {[%clk 0:27:47]} Rd5 {[%clk 0:05:48]} 21. Nxc6 {[%clk
0:26:50]} Bc5 {[%clk 0:05:23]} 22. b4 {[%clk 0:25:17]} Bd6 {[%clk 0:04:49]} 23.
Bxd6 {[%clk 0:24:47]} Rxd6 {[%clk 0:05:17]} 24. b5 {[%clk 0:25:05]} Nd7 {[%clk
0:04:31]} 25. Rxa6 {[%clk 0:23:42]} Rxa6 {[%clk 0:04:45]} 26. bxa6 {[%clk
0:24:05]} Nb6 {[%clk 0:04:23]} 27. a7 {[%clk 0:24:09]} Kf8 {[%clk 0:04:46]} 28.
a8=Q+ {[%clk 0:24:26]} 1-0

[Event "DVM U12 2016"]
[Site "Magdeburg GER"]
[Date "2016.12.29"]
[Round "6"]
[White "Wagner, Victoria"]
[Black "Schröder, Lennart"]
[Result "1-0"]
[Termination "normal"]
[Board "4.3"]
[WhiteElo "1474"]
[BlackElo "1503"]
[WhiteClock "00:23:51"]
[BlackClock "00:25:30"]
[WhiteTeam "Erfurter SK"]
[BlackTeam "SK Münster"]
[PlyCount "59"]
[WhiteFideId "16232348"]
[BlackFideId "16222490"]
[EventCountry "GER"]
[EventRounds "7"]
[EventType "team-swiss"]
[EventDate "2016.12.26"]

1. e4 {[%clk 1:15:57]} c5 {[%clk 1:15:47]} 2. Nf3 {[%clk 1:16:18]} d6 {[%clk
1:15:54]} 3. d4 {[%clk 1:16:37]} cxd4 {[%clk 1:16:00]} 4. Nxd4 {[%clk 1:17:01]}
Nf6 {[%clk 1:16:05]} 5. Nc3 {[%clk 1:17:21]} g6 {[%clk 1:16:11]} 6. Be3 {[%clk
1:17:26]} Bg7 {[%clk 1:14:43]} 7. f3 {[%clk 1:17:41]} Nc6 {[%clk 1:14:45]} 8.
Qd2 {[%clk 1:17:46]} O-O {[%clk 1:14:43]} 9. O-O-O {[%clk 1:17:48]} Nxd4 {[%clk
1:14:19]} 10. Bxd4 {[%clk 1:18:00]} Be6 {[%clk 1:13:52]} 11. Kb1 {[%clk
1:18:02]} Qc7 {[%clk 1:12:28]} 12. Nd5 {[%clk 1:16:43]} Bxd5 {[%clk 1:07:36]}
13. exd5 {[%clk 1:16:38]} Rfc8 {[%clk 1:07:26]} 14. Rc1 {[%clk 1:16:18]} a6
{[%clk 1:04:10]} 15. g4 {[%clk 1:15:02]} b5 {[%clk 0:58:45]} 16. g5 {[%clk
1:12:16]} Nh5 {[%clk 0:56:12]} 17. Bxg7 {[%clk 1:12:26]} Nxg7 {[%clk 0:53:26]}
18. h4 {[%clk 1:06:35]} Rab8 {[%clk 0:49:23]} 19. f4 {[%clk 1:01:50]} b4 {[%clk
0:47:40]} 20. Be2 {[%clk 0:55:50]} a5 {[%clk 0:38:40]} 21. h5 {[%clk 0:53:28]}
a4 {[%clk 0:36:58]} 22. hxg6 {[%clk 0:50:10]} fxg6 {[%clk 0:34:53]} 23. Bg4
{[%clk 0:48:52]} e6 {[%clk 0:30:30]} 24. dxe6 {[%clk 0:43:55]} Qb7 {[%clk
0:27:46]} 25. Qh2 {[%clk 0:30:57]} h5 {[%clk 0:25:48]} 26. gxh6 {[%clk
0:30:51]} b3 {[%clk 0:25:51]} 27. cxb3 {[%clk 0:25:29]} Qe4+ {[%clk 0:24:54]}
28. Ka1 {[%clk 0:23:31]} Rxc1+ {[%clk 0:25:09]} 29. Rxc1 {[%clk 0:23:51]} Nxe6
{[%clk 0:25:30]} 30. Qc2 1-0

[Event "DVM U12 2016"]
[Site "Magdeburg GER"]
[Date "2016.12.29"]
[Round "6"]
[White "Van Lindt, Raffael"]
[Black "Wagner, Margarethe"]
[Result "0-1"]
[Termination "normal"]
[Board "4.4"]
[WhiteElo "1049"]
[BlackElo "1295"]
[WhiteClock "00:00:37"]
[BlackClock "00:21:26"]
[WhiteTeam "SK Münster"]
[BlackTeam "Erfurter SK"]
[PlyCount "68"]
[WhiteFideId "12998834"]
[BlackFideId "16236947"]
[EventCountry "GER"]
[EventRounds "7"]
[EventType "team-swiss"]
[EventDate "2016.12.26"]

1. e4 {[%clk 1:15:51]} c5 {[%clk 1:15:50]} 2. Nf3 {[%clk 1:16:09]} Nc6 {[%clk
1:16:11]} 3. Be2 {[%clk 1:14:22]} Nf6 {[%clk 1:15:57]} 4. d3 {[%clk 1:13:59]}
h6 {[%clk 1:16:03]} 5. c3 {[%clk 1:13:28]} e6 {[%clk 1:15:33]} 6. Nbd2 {[%clk
1:10:49]} Be7 {[%clk 1:15:07]} 7. Nf1 {[%clk 1:09:09]} O-O {[%clk 1:15:21]} 8.
Ng3 {[%clk 1:08:42]} Bd6 {[%clk 1:13:13]} 9. Be3 {[%clk 1:06:44]} b6 {[%clk
1:12:11]} 10. O-O {[%clk 1:05:58]} Bxg3 {[%clk 1:12:31]} 11. fxg3 {[%clk
1:05:00]} d5 {[%clk 1:10:33]} 12. exd5 {[%clk 0:56:32]} exd5 {[%clk 1:10:55]}
13. Qd2 {[%clk 0:51:28]} Re8 {[%clk 1:09:45]} 14. Rae1 {[%clk 0:49:47]} Bb7
{[%clk 1:02:22]} 15. d4 {[%clk 0:38:35]} c4 {[%clk 1:01:55]} 16. b3 {[%clk
0:35:57]} cxb3 {[%clk 1:02:06]} 17. axb3 {[%clk 0:35:41]} Qe7 {[%clk 0:57:12]}
18. Bb5 {[%clk 0:34:26]} Ne4 {[%clk 0:47:53]} 19. Qc1 {[%clk 0:33:34]} a6
{[%clk 0:45:43]} 20. Bd3 {[%clk 0:31:42]} Na5 {[%clk 0:38:45]} 21. Qc2 {[%clk
0:24:59]} Rac8 {[%clk 0:35:30]} 22. Bd2 {[%clk 0:23:27]} f6 {[%clk 0:31:27]}
23. Re3 {[%clk 0:19:53]} Nc6 {[%clk 0:27:50]} 24. Rfe1 {[%clk 0:17:37]} Nb4
{[%clk 0:25:07]} 25. Qb2 {[%clk 0:11:36]} Nxd3 {[%clk 0:24:52]} 26. Rxd3 {[%clk
0:11:51]} Qf7 {[%clk 0:23:20]} 27. Bf4 {[%clk 0:10:00]} Qd7 {[%clk 0:21:15]}
28. Rde3 {[%clk 0:08:12]} g5 {[%clk 0:21:06]} 29. Bxg5 {[%clk 0:01:53]} Nxg5
{[%clk 0:21:19]} 30. Nd2 {[%clk 0:01:14]} Rxe3 {[%clk 0:21:28]} 31. Rxe3 {[%clk
0:01:38]} Re8 {[%clk 0:21:47]} 32. Rxe8+ {[%clk 0:00:40]} Qxe8 {[%clk 0:22:09]}
33. Qc1 {[%clk 0:00:43]} Qe3+ {[%clk 0:21:32]} 34. Kf1 {[%clk 0:00:37]} Ne4
{[%clk 0:21:26]} 0-1

[Event "DVM U12 2016"]
[Site "Magdeburg GER"]
[Date "2016.12.29"]
[Round "6"]
[White "Zeuner, Ole"]
[Black "Pahl, Erik"]
[Result "1-0"]
[Termination "normal"]
[Board "5.1"]
[WhiteElo "1701"]
[BlackElo "1741"]
[WhiteClock "00:17:28"]
[BlackClock "00:26:39"]
[WhiteTeam "Schachzwerge Magdeburg"]
[BlackTeam "Delmenhorster SK"]
[PlyCount "119"]
[WhiteFideId "12943576"]
[BlackFideId "16201272"]
[EventCountry "GER"]
[EventRounds "7"]
[EventType "team-swiss"]
[EventDate "2016.12.26"]

1. e4 {[%clk 1:15:58]} e5 {[%clk 1:15:57]} 2. Nf3 {[%clk 1:16:22]} Nc6 {[%clk
1:16:24]} 3. d4 {[%clk 1:16:39]} exd4 {[%clk 1:16:50]} 4. Nxd4 {[%clk 1:17:03]}
Nf6 {[%clk 1:17:17]} 5. Nxc6 {[%clk 1:16:57]} bxc6 {[%clk 1:17:43]} 6. e5
{[%clk 1:16:50]} Qe7 {[%clk 1:18:09]} 7. Qe2 {[%clk 1:17:13]} Nd5 {[%clk
1:18:36]} 8. c4 {[%clk 1:17:02]} Ba6 {[%clk 1:19:04]} 9. b3 {[%clk 1:17:19]}
Qh4 {[%clk 1:19:32]} 10. Bb2 {[%clk 1:04:43]} Bb4+ {[%clk 1:18:04]} 11. Nd2
{[%clk 1:03:56]} O-O {[%clk 1:10:13]} 12. g3 {[%clk 0:53:55]} Bxd2+ {[%clk
1:08:31]} 13. Kxd2 {[%clk 0:53:01]} Qh6+ {[%clk 1:07:04]} 14. f4 {[%clk
0:51:51]} d6 {[%clk 1:04:31]} 15. Re1 {[%clk 0:46:37]} dxe5 {[%clk 0:59:54]}
16. Qxe5 {[%clk 0:43:49]} Rad8 {[%clk 0:57:59]} 17. Kc1 {[%clk 0:41:59]} Nb4
{[%clk 0:57:17]} 18. a3 {[%clk 0:40:25]} Nd3+ {[%clk 0:56:39]} 19. Bxd3 {[%clk
0:39:31]} Rxd3 {[%clk 0:56:55]} 20. Kc2 {[%clk 0:38:54]} Rdd8 {[%clk 0:44:54]}
21. g4 {[%clk 0:32:56]} Bc8 {[%clk 0:42:32]} 22. g5 {[%clk 0:29:56]} Qg6+
{[%clk 0:41:59]} 23. Kc1 {[%clk 0:28:56]} f6 {[%clk 0:35:36]} 24. Qxc7 {[%clk
0:22:28]} fxg5 {[%clk 0:31:22]} 25. Re7 {[%clk 0:21:49]} Rd7 {[%clk 0:30:11]}
26. Rxd7 {[%clk 0:21:26]} Bxd7 {[%clk 0:30:37]} 27. Qxd7 {[%clk 0:21:39]} gxf4
{[%clk 0:30:59]} 28. Qxa7 {[%clk 0:11:58]} f3 {[%clk 0:29:26]} 29. Rg1 {[%clk
0:11:43]} Qh6+ {[%clk 0:29:50]} 30. Kc2 {[%clk 0:11:58]} g6 {[%clk 0:26:25]}
31. Qf2 {[%clk 0:09:56]} Qh5 {[%clk 0:24:22]} 32. Re1 {[%clk 0:08:50]} Qf5+
{[%clk 0:23:56]} 33. Kc1 {[%clk 0:08:07]} Qg5+ {[%clk 0:22:33]} 34. Qd2 {[%clk
0:06:53]} f2 {[%clk 0:21:48]} 35. Rf1 {[%clk 0:06:38]} Qg1 {[%clk 0:21:00]} 36.
Qd1 {[%clk 0:05:55]} Qxh2 {[%clk 0:19:56]} 37. Qd4 {[%clk 0:04:37]} Qh6+ {[%clk
0:16:17]} 38. Kb1 {[%clk 0:04:47]} Rf4 {[%clk 0:14:10]} 39. Qe3 {[%clk
0:03:46]} Qf8 {[%clk 0:10:03]} 40. Qe6+ {[%clk 0:02:56]} Qf7 {[%clk 0:09:40]}
41. Qxf7+ {[%clk 0:00:33]} Kxf7 {[%clk 0:09:43]} 42. Kc2 {[%clk 0:15:28]} g5
{[%clk 0:24:13]} 43. Bc1 {[%clk 0:15:48]} Rf5 {[%clk 0:24:27]} 44. Be3 {[%clk
0:16:01]} Ke6 {[%clk 0:23:12]} 45. Rxf2 {[%clk 0:15:58]} Ra5 {[%clk 0:23:20]}
46. Kb2 {[%clk 0:16:02]} h5 {[%clk 0:23:26]} 47. Rh2 {[%clk 0:14:31]} g4 {[%clk
0:23:20]} 48. c5 {[%clk 0:13:54]} Ra8 {[%clk 0:22:59]} 49. Rxh5 {[%clk
0:14:17]} Rg8 {[%clk 0:23:07]} 50. Rg5 {[%clk 0:14:40]} Rxg5 {[%clk 0:23:14]}
51. Bxg5 {[%clk 0:15:05]} Kd5 {[%clk 0:23:41]} 52. Be3 {[%clk 0:15:14]} g3
{[%clk 0:24:01]} 53. a4 {[%clk 0:15:36]} Ke6 {[%clk 0:24:16]} 54. b4 {[%clk
0:15:37]} Kd7 {[%clk 0:24:42]} 55. b5 {[%clk 0:15:58]} cxb5 {[%clk 0:25:06]}
56. axb5 {[%clk 0:16:25]} g2 {[%clk 0:25:32]} 57. Kc3 {[%clk 0:16:39]} Kc7
{[%clk 0:25:58]} 58. Kb4 {[%clk 0:16:41]} Kb7 {[%clk 0:26:21]} 59. Ka5 {[%clk
0:17:06]} Kc7 {[%clk 0:26:39]} 60. Ka6 {[%clk 0:17:28]} 1-0

[Event "DVM U12 2016"]
[Site "Magdeburg GER"]
[Date "2016.12.29"]
[Round "6"]
[White "Pahl, Theis"]
[Black "Morgenstern, Tobias"]
[Result "1/2-1/2"]
[Termination "normal"]
[Board "5.2"]
[WhiteElo "1729"]
[BlackElo "1436"]
[WhiteClock "00:13:54"]
[BlackClock "00:02:39"]
[WhiteTeam "Delmenhorster SK"]
[BlackTeam "Schachzwerge Magdeburg"]
[PlyCount "81"]
[WhiteFideId "16201264"]
[BlackFideId "12974390"]
[EventCountry "GER"]
[EventRounds "7"]
[EventType "team-swiss"]
[EventDate "2016.12.26"]

1. e4 {[%clk 1:15:59]} e5 {[%clk 1:15:52]} 2. Nf3 {[%clk 1:16:26]} Nc6 {[%clk
1:16:11]} 3. Bb5 {[%clk 1:16:52]} a6 {[%clk 1:16:03]} 4. Ba4 {[%clk 1:17:19]}
Nf6 {[%clk 1:16:00]} 5. O-O {[%clk 1:17:39]} Nxe4 {[%clk 1:14:53]} 6. d4 {[%clk
1:17:41]} b5 {[%clk 1:10:42]} 7. Bb3 {[%clk 1:17:40]} d5 {[%clk 1:08:34]} 8.
dxe5 {[%clk 1:17:09]} Be6 {[%clk 1:08:46]} 9. c3 {[%clk 1:16:41]} Be7 {[%clk
1:07:59]} 10. Nbd2 {[%clk 1:16:10]} O-O {[%clk 1:06:41]} 11. Re1 {[%clk
1:15:46]} Nc5 {[%clk 1:05:00]} 12. Nd4 {[%clk 1:14:06]} Nxd4 {[%clk 1:00:16]}
13. cxd4 {[%clk 1:13:48]} Nxb3 {[%clk 1:00:31]} 14. Nxb3 {[%clk 1:14:00]} Bf5
{[%clk 0:55:05]} 15. Be3 {[%clk 1:11:54]} h6 {[%clk 0:49:57]} 16. Rc1 {[%clk
1:10:39]} f6 {[%clk 0:45:24]} 17. Qd2 {[%clk 1:06:29]} fxe5 {[%clk 0:43:12]}
18. dxe5 {[%clk 1:03:11]} a5 {[%clk 0:29:11]} 19. Nxa5 {[%clk 0:58:22]} Re8
{[%clk 0:20:37]} 20. Nc6 {[%clk 0:58:01]} Qd7 {[%clk 0:20:45]} 21. Nxe7+ {[%clk
0:58:08]} Rxe7 {[%clk 0:21:08]} 22. Bc5 {[%clk 0:58:12]} Re6 {[%clk 0:21:06]}
23. a3 {[%clk 0:57:11]} Rae8 {[%clk 0:19:27]} 24. Qc3 {[%clk 0:55:47]} Rg6
{[%clk 0:18:11]} 25. Bb4 {[%clk 0:54:56]} Be4 {[%clk 0:17:02]} 26. f3 {[%clk
0:54:01]} Qh3 {[%clk 0:16:13]} 27. g3 {[%clk 0:46:10]} Rxg3+ {[%clk 0:12:34]}
28. hxg3 {[%clk 0:46:28]} Qxg3+ {[%clk 0:12:57]} 29. Kf1 {[%clk 0:46:36]} Qh3+
{[%clk 0:12:13]} 30. Kf2 {[%clk 0:44:46]} Qh2+ {[%clk 0:12:00]} 31. Ke3 {[%clk
0:44:56]} Rxe5 {[%clk 0:11:29]} 32. Kd4 {[%clk 0:41:46]} Re8 {[%clk 0:05:49]}
33. Ba5 {[%clk 0:16:17]} Qe5+ {[%clk 0:04:05]} 34. Ke3 {[%clk 0:16:23]} Qg5+
{[%clk 0:04:01]} 35. Kf2 {[%clk 0:16:15]} Qh4+ {[%clk 0:04:11]} 36. Kg1 {[%clk
0:14:24]} Qg3+ {[%clk 0:03:58]} 37. Kf1 {[%clk 0:14:22]} Bd3+ {[%clk 0:01:44]}
38. Qxd3 {[%clk 0:14:04]} Qh3+ {[%clk 0:02:00]} 39. Kg1 {[%clk 0:13:22]} Qg3+
{[%clk 0:02:20]} 40. Kf1 {[%clk 0:13:35]} Qh3+ {[%clk 0:02:39]} 41. Kg1 {[%clk
0:13:54]} 1/2-1/2